=LDR 00000nam 2200000 4500 =001 NUTBA000000000002768 =005 20140627155418.0 =006 =007 =008 =020 ##$$a 978-602-8489-06-5 =035 ##$$a 0010-061400000000711 =040 ##$$a NBPDMAT =082 ##$$a 745.5 =090 ##$$a 745.5 $b Bag a =100 ##$$a Bagas Shinugi =245 ##$$a Aneka kreasi dari kotak kemasan / $c Bagas Shinugi =260 ##$$a Jakarta : $b Mediantara Semesta, $c 2009 =300 ##$$a 40 hlm. : $b ilus. ; $c 25 cm. =650 ##$$a Kerajinan Tangan =990 ##$$a 21402037